|
|
|
|
| LEADER |
00000nab a22000005a 4500 |
| 001 |
AR-BbUGT10130 |
| 003 |
AR-BbUGT |
| 005 |
20200701161258.0 |
| 007 |
ta |
| 008 |
170303s2016||||ag |||p |||| 0|||||spa d |
| 999 |
|
|
|c 15667
|d 15667
|
| 040 |
|
|
|a AR-BbUGT
|c AR-BbUGT
|
| 100 |
1 |
|
|a Hernández, Facundo Martín.
|
| 245 |
1 |
3 |
|a El estudio social del paisaje a través de la "postal turística" /
|c Facundo Martín Hernández.
|
| 530 |
|
|
|a Disponible también en formato digital.
|
| 653 |
|
|
|a Paisaje
|
| 653 |
|
|
|a Turismo
|
| 653 |
|
|
|a Imágenes
|
| 653 |
|
|
|a Postal turística
|
| 653 |
|
|
|a Ícono turístico
|
| 653 |
|
|
|a Imagen promocional
|
| 773 |
0 |
|
|o R7582.44
|g Vol. 25, no. 2 (2016), p. 11-48
|t Revista Universitaria de Geografía
|x 0326-8373
|w AR-BbUGT7010
|
| 773 |
1 |
|
|o R7583.44
|w AR-BbUGT7010
|
| 773 |
1 |
|
|o R7584.44
|w AR-BbUGT7010
|
| 856 |
4 |
1 |
|3 Texto completo.
|u https://www.redalyc.org/articulo.oa?id=383249118002
|y Red de Información Científica Redalyc
|
| 942 |
|
|
|2 ddc
|c ARTPP
|